000
00342nam a2200145Ia 4500
100
_a
Keyes/Karl A.ed
942
_c
BK
654
_a
Press Working
245
_a
Press Working: Stampings & Dies
260
_b
Society of Manufacturing Engineers
_a
Michigan
_c
1980
082
_a
621.9
_b
Key
300
_a
255
546
_a
ENGLISH
999
_c
35721
_d
35721